000 00871nam a2200277Ia 4500
003 OSt
005 20221006160022.0
006 a|||||r|||| 00| 0
007 ta
008 221006b |||||||| |||| 00| 0 eng d
020 _a9781931907095
_c
_25.00
024 _a44,069
037 _bGift, Korean Embassy ( Window on Korea)
_cTextual
040 _aEASL
_cEASL
_beng
041 _2eng
_aeng
082 _aO495x:g, P3
100 _aChoi Yearn Hong Ed.
_9671479
245 0 _aSurfacing Sadness
_bAcentennial of Korean-American literature 1903-2003
260 _aDumont
_bHoma &Sekey Books
_c2003
300 _a256p.
_ccm.
490 _v KEL
650 _aKEL
700 _a Kim Haeng ja Ed.
_9671480
942 _hO495x:g, P3
_cTEXL
_2CC
999 _c1112161
_d1112161